header

Solution-focused stress counselling (Record no. 56098)

MARC details
000 -LEADER
fixed length control field 01162nam a2200301Ia 4500
100 1# - MAIN ENTRY--AUTHOR NAME
Personal name O'Connell, Bill.
245 10 - TITLE STATEMENT
Title Solution-focused stress counselling
260 ## - PUBLICATION, DISTRIBUTION, ETC. (IMPRINT)
Place of publication London ;
-- Thousand Oaks, CA :
Name of publisher Sage Publications,
Year of publication 2004.
300 ## - PHYSICAL DESCRIPTION
Number of Pages x, 145 p. :
Other physical details ill.
490 1# - SERIES STATEMENT
Series statement Stress counselling series
650 #0 - SUBJECT ADDED ENTRY--TOPICAL TERM
Topical Term Stress management.
Topical Term Counseling.
856 40 - ELECTRONIC LOCATION AND ACCESS
Uniform Resource Identifier http://site.ebrary.com/lib/rucke/Doc?id=10326816

No items available.

© 2026 Rongo University
Contact us: librarian | system librarian | Rongo university